Προγραμματισμός Δράσεως Επιχειρήσεων (Record no. 4590)
[ view plain ]
| 000 -LEADER | |
|---|---|
| fixed length control field | 01953cam a22002174a 4500 |
| 005 - ΗΜΕΡΟΜΗΝΙΑ ΚΑΙ ΩΡΑ ΤΕΛΕΥΤΑΙΑΣ ΕΝΗΜΕΡΩΣΗΣ | |
| Πεδίο ελέγχου | 20250605164150.0 |
| 008 - FIXED-LENGTH DATA ELEMENTS--GENERAL INFORMATION | |
| Πεδίο ελέγχου σταθερού μήκους | 250528s ||||||||||||||||||||||||d |
| 035 ## - SYSTEM CONTROL NUMBER | |
| System control number | 19330 |
| 020 ## - ISBN | |
| ISBN | 960351232 |
| 040 ## - ΠΗΓΗ ΚΑΤΑΛΟΓΟΓΡΑΦΗΣΗΣ | |
| Φορέας πρωτότυπης καταλογογράφησης | MC Athens Campus Library |
| Γλώσσα καταλογογράφησης | Ελληνικά, Μοντέρνα (1453-) |
| Modifying agency | MC Athens Campus Library |
| Κανόνες περιγραφικής καταλογογράφησης | AACR2 |
| 245 1# - ΤΙΤΛΟΣ ΚΑΙ ΔΗΛΩΣΗ ΥΠΕΥΘΥΝΟΤΗΤΑΣ | |
| Τίτλος | Προγραμματισμός Δράσεως Επιχειρήσεων |
| 250 ## - EDITION STATEMENT | |
| Edition statement | 1η |
| 260 ## - PUBLICATION, DISTRIBUTION, ETC. | |
| Name of publisher, distributor, etc. | Σταμούλης Α, |
| Date of publication, distribution, etc. | 2001 |
| 300 ## - PHYSICAL DESCRIPTION | |
| Extent | 400 |
| 520 ## - SUMMARY, ETC. | |
| Summary, etc. | Πρόλογος, Εισαγωγή στα Στάδια της Διαδικασίας του Στρατηγικού Προγραμματισμού, Εισαγωγή στο Στρατηγικό Προγραμματισμό, Εξωτερικό Περιβάλλον της Επιχείρησης Ανάλυση και Διάγνωση του, Ανάλυση του Εσωτερικού Περιβάλλοντος της Επιχείρησης, Προβλέψεις των Εξωτερικών και Εσωτερικών Συνθηκών της Επιχείρησης, Ανάπτυξη Δυνάνεων - Αδυναμιών και Ευκαιριών - Απειλών (Swot Analysis), Καθορισμός Στόχων, Εναλλακτικές Στρατηγικές, Αξιολόγηση Εναλλακτικών Στρατηγικών, Επιλογή της Στρατηγικής, Εφαρμογή και Έλεγχος Στρατηγικού Προγραμματισμού, Διαδικασία Εκτίμησης και Ελέγχου του Στρατηγικού Προγραμματισμού, Βραχυχρόνιος Προγραμματισμός, Στρατηγικά Επιχειρηματικά Σχέδια και Οικονομοτεχνικές Μελέτες, Γραμμικός Προγραμματισμός, Βιβλιογραφία. |
| 700 1# - ΠΡΟΣΘΕΤΗ ΑΝΑΓΡΑΦΗ--ΦΥΣΙΚΟ ΠΡΟΣΩΠΟ | |
| Personal name | Κιόχος Πέτρος Δ |
| 9 (RLIN) | 3322 |
| 700 1# - ΠΡΟΣΘΕΤΗ ΑΝΑΓΡΑΦΗ--ΦΥΣΙΚΟ ΠΡΟΣΩΠΟ | |
| Personal name | Παπανικόλαος Γεώργιος |
| 9 (RLIN) | 5577 |
| 942 ## - ADDED ENTRY ELEMENTS (KOHA) | |
| Koha item type | Books |
| Τύπος τεκμηρίου | Βιβλιοθήκη | Τρέχουσα τοποθεσία | Barcode | Αριθμός εισαγωγής | Ημερομηνία απόκτησης | Ταξιθετικό σύμβολο | Αριθμός αντιτύπου | Κατάσταση απόσυρσης | Κατάσταση χαμένου | Κατάσταση κατεστραμμένου | Μη δανεισμός | Σύνολο δανεισμών | Ημερομηνία τελευταίας εμφάνισης | Η τιμή ισχύει από |
|---|---|---|---|---|---|---|---|---|---|---|---|---|---|---|
| Books | MC Athens Campus Library | MC Athens Campus Library | 9780000045898 | 5353 | 05/06/2025 | 658.401 2 KIO | 3 | 05/06/2025 | 05/06/2025 |